000 00507nam a2200229Ia 4500
003 IT-RoPAU
008 120407s9999 xx 000 0 und d
040 _aIT-RoPAU
040 _cIT-RoPAU
041 _aita
100 _aAngelo Montonati
245 _aElisabetta e l’Imprevisto.
250 _aCinisello Balsamo
260 _aEdizioni Paoline
260 _c1989
300 _a187 p.
300 _c20 cm
490 _aFondatori e riformatori
490 _v122
942 _cBK
999 _c27723
_d27723